|
|
|
|
| LEADER |
00000cam a2200000 7i4500 |
| 001 |
0000001444 |
| 005 |
20151222.0 |
| 020 |
|
|
|a 9832623987
|
| 090 |
0 |
0 |
|a JF
|b FT ENG (1628)
|
| 100 |
0 |
|
|a G, Kay
|
| 245 |
1 |
4 |
|a The old broken doll
|c Kay G
|
| 260 |
|
|
|a Kuala Lumpur :
|b Pustaka Segar ,
|c 2005
|
| 440 |
|
|
|a Fresh tales for young girls and boys
|
| 500 |
|
|
|a Children ages 7-9 years old (orange)
|
| 650 |
|
0 |
|a Junior fiction
|
| 999 |
|
|
|a 0000906025
|b Book
|c Teenagers
|e Cawangan Bandar Tenggara
|
| 999 |
|
|
|a 0000965317
|b Book
|c Children Collection
|e Perbadanan Perpustakaan Awam Johor
|
| 999 |
|
|
|a 0000965318
|b Book
|c Children Collection
|e Cawangan Muar
|
| 999 |
|
|
|a 0000965319
|b Book
|c Children Collection
|e Perbadanan Perpustakaan Awam Johor
|
| 999 |
|
|
|a 0000965320
|b Book
|c Children Collection
|e Cawangan Bandar Tenggara
|
| 999 |
|
|
|a 0000965321
|b Book
|c Children Collection
|e Cawangan Segamat
|
| 999 |
|
|
|a 0001054678
|b Book
|c Children Collection
|e Cawangan Taman Universiti
|